00546nam a2200205Ia 4500003000400000005001700004008004100021020002200062040000700084041000800091082001700099100001900116245007400135250000600209260004300215300001600258365001300274440004100287650001200328OSt20230623113859.0210423s2014 xx 000 0 und d a978-93-80250-58-8 cAL aeng a512.925 SESI aSESHADRI (C S) aIntroduction to the theory of standard monomials Ed 2cSESHADRI (C S) a2 aNew DelhibHindustan Book Agencyc2014 axiv,221bPB b415cINR aTexts and readings in mathematics 46 aAlgebra